Němý hlas. (Záznam č. 34129)
| 000 -Návěští | |
|---|---|
| Řídící pole kódované 24B | 01671cam a2200373 i 4500 |
| 001 - Kontrolní číslo | |
| Řídící pole proměnné | 016700002730970 |
| 003 - Identifikátor kontrolního čísla | |
| Řídící pole proměnné | CZ PrSKC |
| 005 - Datum posledního zpracování | |
| Řídící pole 16B | 20260402111538.0 |
| 007 - Pole pevné délky pro fyzický popis | |
| Řídící pole kódované | ta |
| 008 - Údaje pevné délky | |
| Řídící pole kódované 40B | 220331s2022 xr a d 6 000 1 cze d |
| 020 ## - ISBN | |
| ISBN | 9788076791374 |
| Dostupnost | Kč 229,00 |
| 040 ## - Zdroj katalogizace-agentura | |
| Agentura původní katalogizace | CBA001 |
| Jazyk katalogizace | cze |
| Agentura upravující záznam | KVG001 |
| Použitá pravidla popisu | rda |
| 041 1# - Kód jazyka | |
| Kód jazyka textu/zvuku, mezititulků | cze |
| Kód jazyka originálu | jpn |
| 072 #7 - Kód předmětové kategorie - Konspekt | |
| Předmětová kategorie | 741.52 |
| Zpřesnění předmětové kategorie | Komiksy. Komiksové adaptace |
| Zdroj předmětové klasifikace | Konspekt |
| 072 #7 - Kód předmětové kategorie - Konspekt | |
| Předmětová kategorie | 821-93 |
| Zpřesnění předmětové kategorie | Literatura pro děti a mládež (beletrie) |
| Zdroj předmětové klasifikace | Konspekt |
| 080 ## - MDT | |
| Klasifikační znak MDT | 741.52(0:82-32) |
| Idetifikátor vydání MDT | MRF |
| 080 ## - MDT | |
| Klasifikační znak MDT | (0.053.6) |
| Idetifikátor vydání MDT | MRF |
| 080 ## - MDT | |
| Klasifikační znak MDT | 821-93 |
| Idetifikátor vydání MDT | MRF |
| 100 1# - Hlavní záhlaví - osobní jméno autora | |
| Osobní jméno | Ōima, Yoshitoki, |
| Datumy související se jménem | 1989- |
| Kód role | aut |
| 9 (RLIN) | 14373 |
| 240 10 - Unifikovaný název | |
| Unifikovaný název | <a href="Koe no katachi.">Koe no katachi.</a> |
| Jazyk díla | Česky |
| 245 10 - Údaje o názvu | |
| Název | Němý hlas. |
| Číslo části/sekce díla | Kniha čtvrtá / |
| Údaj o odpovědností, atd. | Jošitoki Óima ; překlad: Eliška Nováková |
| 264 #1 - Nakladatelské údaje | |
| Místo vydání | [Praha] : |
| Nakladatel | Crew s.r.o., |
| Rok vydání | 2022 |
| 300 ## - Fyzický popis | |
| Rozsah | 192 nečíslovaných stran : |
| další fyzické údaje | ilustrace ; |
| Rozměry | 19 cm |
| 490 1# - Údaje o edici | |
| Údaje o edici | Crew manga |
| 500 ## - Všeobecná poznámka | |
| Text obecné poznámky | Přeloženo z japonštiny |
| 500 ## - Všeobecná poznámka | |
| Text obecné poznámky | Tištěno zprava doleva ve stylu manga |
| 520 2# - Anotace | |
| Anotace, atd. | Komiksová manga série o vztahu kdysi šikanujícího chlapce a neslyšící dívky. |
| Rozšířený text anotace | Šójův život se od opětovného setkání s Nišimijou změnil. Šója se účastní tvorby filmu, který začal na Nagacukův popud. Pozval i Šóko, aby se zúčastnila. Šója tráví s Šóko a dalšími kamarády letní prázdniny a dny bezstarostně plynou. Šója se cítí šťastný, ale v koutku duše má obavy. Ty nakonec způsobí velké problémy. Nakladatelská anotace. Kráceno. |
| 653 0# - Rejstříkový termín - volně tvořený | |
| Volně tvořený termín | kreslené příběhy |
| 655 #7 - Rejstříkový termín - žánr/forma | |
| Žánr/forma či základní termín | manga |
| -- | 14003 |
| 655 #7 - Rejstříkový termín - žánr/forma | |
| Žánr/forma či základní termín | publikace pro mládež |
| 700 1# - Vedlejší záhlaví - osobní jméno autora | |
| Osobní jméno | Nováková, Eliška |
| Kód role | trl |
| 9 (RLIN) | 14374 |
| 910 ## - Údaje o vlastníkovi jednotky (exempláře) | |
| Sigla vlastníka jednotky | ABG508 |
| Stav ztráty | Zdroj klasifikace pro skladování | Stav poškození |
|---|---|---|
| Universal Decimal Classification |